000 00482nam a2200193Ia 4500
005 20240823030708.0
008 240823s9999||||xx |||||||||||||| ||und||
020 _a978-81-7319-717-8
041 _aENGLISH
082 _A530.132 P9
100 _aSinha S K
245 0 _aIntroduction to Statistical Mechanics
250 _aI st
260 _c2009
_b"Narosa, New "
_aNew Delhi
500 _aYES
650 _aStatistical Mechanics
_bMechanical
942 _cBK
999 _c189311
_d189311